Obojživelníky Slovenska

Bibliographic Details
Main Author: Lác, Ján, 1932- (Author)
Format: Book
Language:Slovak
PhysicalDescription:72 strán fotografie, grafy, ilustrácie, mapy, tabuľky 24 cm
Published: Bratislava Vydavateľstvo Slovenskej akadémie vied 1963
Edition:Prvé vydanie
Series:Biologické práce
Subjects:

MARC

LEADER 00000cam a2200000 a 4500
001 vtls008325988
003 SK-MaSNL
005 20260425222619.0
008 230403s1963 xo odabgrn 000 0 slo
015 |a SNBA1963/05-00937 
020 |q (brožované) 
035 |a SK01SNK19630018205 
035 |a urn:nbn:sk:snk-am3hz2f 
035 |a 3D9C951C-CE85-406A-B98C-6D4B3D14AFAB 
035 |a urn:nbn:sk:snk-am00de2s 
035 |a SKM000020668 
040 |a SNK  |b slo  |c SNK  |e AACR2 
041 0 |a slo  |b ger  |b rus 
043 |a e-xo--- 
044 |a xo  |c SK 
080 |a 597.6/.9  |2 2011 
080 |a (437.6)  |2 2011 
080 |a (048.8)  |2 2011 
100 1 |a Lác, Ján,  |d 1932-  |4 aut  |9 6434 
245 1 0 |a Obojživelníky Slovenska  |c Ján Lác 
246 3 1 |a Amfibii Slovakii 
246 3 1 |a Amphibien der Slowakei 
250 |a Prvé vydanie 
260 |a Bratislava  |b Vydavateľstvo Slovenskej akadémie vied  |c 1963  |e Martin  |f Tlačiarne SNP 
300 |a 72 strán  |b fotografie, grafy, ilustrácie, mapy, tabuľky  |c 24 cm 
366 |e 600 kusov 
490 1 |a Biologické práce  |v IX/2 
504 |a Bibliografia na strane 70-72 
546 |a Nemecké a ruské resumé ; súbežný názov v nemčine a ruštine 
650 0 7 |a obojživelníky  |2 SNKPH  |9 16031 
651 7 |a Slovensko  |2 SNKPHgeo  |9 14231 
655 7 |a štúdie  |2 SNKPH  |9 57033 
830 0 |a Biologické práce  |9 276853 
852 |a Slovenská národná knižnica 
954 |a odborná, vedecká literatúra pôvodná (slovenská)  |2 lita 
958 |a TL 
958 |a NB 
958 |a RK 
958 |a OND 
958 |a EUIPO 
999 |c 562813  |d 564743 
952 |t P60, <04>, [BOOK], {604}  |a SNK  |b SNK  |y VYP  |7 0  |p 17A0038064  |o snkSC 7513/9/2 D1  |0 0  |1 0  |4 0  |d 1997-02-13  |l 0  |r 2005-01-02 00:00:00  |w 2026-02-23 
952 |a SNK  |b SNK  |y PREZ  |7 0  |p 17A0781057  |o snkSC 7513/9/2  |i snkKSP 2104/63  |0 0  |1 0  |4 0  |d 2012-03-05  |f 1  |l 0  |r 2025-07-04 00:00:00  |w 2026-02-23